000 00664nam a2200265Ia 4500
005 20260330155059.0
008 008 300114s9999 xx 000 0 eng d
020 _a9789357467957
037 _aEBOOK
040 _aCRL
040 _beng
040 _cCRL
041 _2eng
041 _aeng
084 _qCRL
100 _aKapp
_91232114
245 4 _aThe Gamification of Learning and Instruction Fieldbook: Ideas into Practice
260 _bWiley
260 _c2024
650 _aHuman Resource Management
856 _uhttps://ebooks.wileyindia.com/product-details/459858
942 _cEBOOK
999 _c1843730
_d1843730